00249nam a22000857a 4500020001800000100001600018245004800034260005500082700002600137 a9788176299480 aPAL, Karam  aInsurance Management Principles & Practices aNew DelhibDeep & Deep Publications (P) Ltd c2007 aBODLA , BS, GARG, MC